Introducao a paleontologia geral.

Saved in:
Bibliographic Details
Main Author: Mendes, Josué Camargo, 1918-
Format: Book
Language:English
Published: Rio de Janeiro : Instituto Nacional do Livro, 1960.
Series:Biblioteca cientifica brasileira. Colecao do estudante ; 5
Subjects:
LEADER 00827nam a2200217 i 4500
001 c000306756
003 CARM
005 00000000000000.0
008 840316s1960 bl 0 eng d
019 1 |a 10220846  |z 28101826  |5 LACONCORD2021 
035 |a (OCoLC)4407176  |5 LACONCORD2021 
082 0 4 |a 560 
100 1 |a Mendes, Josué Camargo,  |d 1918- 
245 1 0 |a Introducao a paleontologia geral. 
260 |a Rio de Janeiro :  |b Instituto Nacional do Livro,  |c 1960. 
300 |a 384 p. :  |b illus. 
490 0 |a Biblioteca cientifica brasileira. Colecao do estudante ;  |v 5 
650 0 |a Paleontology. 
852 8 |b CARM  |h A1:AR15F0  |i C10811  |p 0502001  |f BK 
999 f f |i b9fb0ec9-d2b8-57d0-8bce-9a0a95d19923  |s c46f34ee-3340-5409-a3cc-551cb918951e 
952 f f |p Can circulate  |a CAVAL  |b CAVAL  |c CAVAL  |d CARM 1 Store  |e C10811  |f A1:AR15F0  |h Other scheme  |i book  |m 0502001